<?xml version="1.0" encoding="UTF-8"?>
<record
    xmlns:xsi="http://www.w3.org/2001/XMLSchema-instance"
    xsi:schemaLocation="http://www.loc.gov/MARC21/slim http://www.loc.gov/standards/marcxml/schema/MARC21slim.xsd"
    xmlns="http://www.loc.gov/MARC21/slim">

  <leader>00797nam a22002297a 4500</leader>
  <controlfield tag="003">SEM</controlfield>
  <datafield tag="999" ind1=" " ind2=" ">
    <subfield code="c">57726</subfield>
    <subfield code="d">57726</subfield>
  </datafield>
  <controlfield tag="005">20220608072551.0</controlfield>
  <controlfield tag="008">170605b        xxu||||| |||| 00| 0 rus d</controlfield>
  <datafield tag="040" ind1=" " ind2=" ">
    <subfield code="c">SEM</subfield>
    <subfield code="a">SEM</subfield>
  </datafield>
  <datafield tag="041" ind1="1" ind2=" ">
    <subfield code="a">rus.</subfield>
    <subfield code="h">arm.</subfield>
  </datafield>
  <datafield tag="080" ind1=" " ind2=" ">
    <subfield code="a">92:75.056(47.925)/&#x422;-61&#x417;</subfield>
  </datafield>
  <datafield tag="100" ind1="1" ind2=" ">
    <subfield code="a">&#x417;&#x443;&#x440;&#x430;&#x431;&#x44F;&#x43D; &#x422;&#x435;&#x43B;&#x44C;&#x43C;&#x430;&#x43D; &#x421;&#x443;&#x440;&#x435;&#x43D;&#x43E;&#x432;&#x438;&#x447;</subfield>
  </datafield>
  <datafield tag="245" ind1="1" ind2="4">
    <subfield code="a">&#x422;&#x43E;&#x440;&#x43E;&#x441; &#x420;&#x43E;&#x441;&#x43B;&#x438;&#x43D;. /</subfield>
    <subfield code="c">&#x422;. &#x417;&#x443;&#x440;&#x430;&#x431;&#x44F;&#x43D;; &#x420;&#x435;&#x434;.: &#x412;. &#x421;&#x430;&#x430;&#x43A;&#x44F;&#x43D; </subfield>
  </datafield>
  <datafield tag="246" ind1="1" ind2="3">
    <subfield code="a">&#x539;&#x578;&#x580;&#x578;&#x57D; &#x54C;&#x578;&#x57D;&#x56C;&#x56B;&#x576;:</subfield>
  </datafield>
  <datafield tag="260" ind1=" " ind2=" ">
    <subfield code="a">&#x415;&#x440;&#x435;&#x432;&#x430;&#x43D;:</subfield>
    <subfield code="b">&#x421;&#x43E;&#x432;&#x435;&#x442;&#x430;&#x43A;&#x430;&#x43D; &#x433;&#x440;&#x43E;&#x445;, </subfield>
    <subfield code="c">1978.</subfield>
  </datafield>
  <datafield tag="300" ind1=" " ind2=" ">
    <subfield code="a">342 &#x441;.;</subfield>
    <subfield code="b">&#x438;&#x43B;&#x43B;.;</subfield>
    <subfield code="c">17 &#x441;&#x43C;.</subfield>
  </datafield>
  <datafield tag="504" ind1=" " ind2=" ">
    <subfield code="a">&#x41F;&#x440;&#x438;&#x43C;&#x435;&#x447;&#x430;&#x43D;&#x438;&#x44F; &#x441;.: 324-341:</subfield>
  </datafield>
  <datafield tag="600" ind1="0" ind2=" ">
    <subfield code="a">&#x422;&#x43E;&#x440;&#x43E;&#x441; &#x420;&#x43E;&#x441;&#x43B;&#x438;&#x43D;</subfield>
  </datafield>
  <datafield tag="650" ind1=" " ind2=" ">
    <subfield code="a">&#x410;&#x440;&#x43C;&#x44F;&#x43D;&#x441;&#x43A;&#x438;&#x435; &#x445;&#x443;&#x434;&#x43E;&#x436;&#x43D;&#x438;&#x43A;&#x438; </subfield>
    <subfield code="x">&#x411;&#x438;&#x43E;&#x433;&#x440;&#x430;&#x444;&#x438;&#x44F;</subfield>
  </datafield>
  <datafield tag="700" ind1="1" ind2=" ">
    <subfield code="a">&#x421;&#x430;&#x430;&#x43A;&#x44F;&#x43D; M.&#x412;.</subfield>
    <subfield code="4">edt.</subfield>
    <subfield code="e">&#x440;&#x435;&#x434;.</subfield>
  </datafield>
  <datafield tag="942" ind1=" " ind2=" ">
    <subfield code="2">udc</subfield>
    <subfield code="c">BK</subfield>
  </datafield>
  <datafield tag="952" ind1=" " ind2=" ">
    <subfield code="0">0</subfield>
    <subfield code="1">0</subfield>
    <subfield code="2">udc</subfield>
    <subfield code="4">0</subfield>
    <subfield code="7">0</subfield>
    <subfield code="8">&#x533;&#x580;&#x561;&#x57A;&#x561;&#x570;&#x578;&#x581;</subfield>
    <subfield code="a">SEM</subfield>
    <subfield code="b">SEM</subfield>
    <subfield code="d">2017-06-05</subfield>
    <subfield code="g">700.00</subfield>
    <subfield code="i">&#x420;&#x443;&#x441;-59</subfield>
    <subfield code="l">0</subfield>
    <subfield code="o">92:75.056(47.925)/&#x422;-61&#x417;</subfield>
    <subfield code="p">&#x420;&#x443;&#x441;-59</subfield>
    <subfield code="r">2017-06-05</subfield>
    <subfield code="w">2017-06-05</subfield>
    <subfield code="y">BK</subfield>
    <subfield code="z">&#x54D;&#x57A;&#x561;&#x57D;&#x561;&#x580;&#x56F;&#x57E;&#x578;&#x582;&#x574; &#x567; &#x568;&#x576;&#x569;&#x565;&#x580;&#x581;&#x561;&#x57D;&#x580;&#x561;&#x570;</subfield>
  </datafield>
  <datafield tag="952" ind1=" " ind2=" ">
    <subfield code="0">0</subfield>
    <subfield code="1">0</subfield>
    <subfield code="2">udc</subfield>
    <subfield code="4">0</subfield>
    <subfield code="7">0</subfield>
    <subfield code="8">&#x533;&#x580;&#x561;&#x57A;&#x561;&#x570;&#x578;&#x581;</subfield>
    <subfield code="a">SEM</subfield>
    <subfield code="b">SEM</subfield>
    <subfield code="d">2017-06-05</subfield>
    <subfield code="g">700.00</subfield>
    <subfield code="i">&#x420;&#x443;&#x441;-8468</subfield>
    <subfield code="l">0</subfield>
    <subfield code="o">92:75.056(47.925)/&#x422;-61&#x417;</subfield>
    <subfield code="p">&#x420;&#x443;&#x441;-8468</subfield>
    <subfield code="r">2017-06-05</subfield>
    <subfield code="w">2017-06-05</subfield>
    <subfield code="y">BK</subfield>
    <subfield code="z">&#x54D;&#x57A;&#x561;&#x57D;&#x561;&#x580;&#x56F;&#x57E;&#x578;&#x582;&#x574; &#x567; &#x568;&#x576;&#x569;&#x565;&#x580;&#x581;&#x561;&#x57D;&#x580;&#x561;&#x570;</subfield>
  </datafield>
  <datafield tag="952" ind1=" " ind2=" ">
    <subfield code="0">0</subfield>
    <subfield code="1">0</subfield>
    <subfield code="2">udc</subfield>
    <subfield code="4">0</subfield>
    <subfield code="7">0</subfield>
    <subfield code="8">&#x533;&#x580;&#x561;&#x57A;&#x561;&#x570;&#x578;&#x581;</subfield>
    <subfield code="a">SEM</subfield>
    <subfield code="b">SEM</subfield>
    <subfield code="d">2020-03-04</subfield>
    <subfield code="g">700.00</subfield>
    <subfield code="i">&#x420;&#x443;&#x441;-8984</subfield>
    <subfield code="l">0</subfield>
    <subfield code="o">92:75.056(47.925)/&#x422;-61&#x417;</subfield>
    <subfield code="p">&#x420;&#x443;&#x441;-8984</subfield>
    <subfield code="r">2020-03-04</subfield>
    <subfield code="w">2020-03-04</subfield>
    <subfield code="y">BK</subfield>
    <subfield code="z">&#x54D;&#x57A;&#x561;&#x57D;&#x561;&#x580;&#x56F;&#x57E;&#x578;&#x582;&#x574; &#x567; 30 &#x585;&#x580;</subfield>
  </datafield>
</record>
